Možnosti využitia zliatin hliníka na tvárnenie v zlievarenských technológiách

Saved in:
Bibliographic Details
Main Author: Sedláček, Eduard (Author)
Other Authors: Stanček, Ladislav (Thesis advisor)
Format: Manuscript Book
Language:Slovak
Published: 2016
Subjects:
Online Access:http://is.stuba.sk/zp/portal_zp.pl?podrobnosti=63961
Tags: Add Tag
No Tags, Be the first to tag this record!

MARC

LEADER 00000ntm a22000003a 4500
001 stuzp29798
003 SK-STU
005 20160928112301.8
007 ta
008 150427s2015----xo-----f-mn---000-0-slo-d
040 |a STU  |b slo 
041 0 |a slo 
100 1 |a Sedláček, Eduard  |u 020050  |k Z9  |4 aut  |U SjF Strojnícka fakulta  |T SjF Ústav technológií a materiálov  |X 2228  |U J0050  |Y 803  |7 A000002228 
242 0 1 |a Application options aluminium alloys on wrought in the foundry technologies  |y eng 
245 1 0 |a Možnosti využitia zliatin hliníka na tvárnenie v zlievarenských technológiách 
260 |c 2016 
650 4 |a zliatiny hliníka na tvárnenie  |2 slo 
650 4 |a spracovanie kovov a zliatin v čiastočne tuhom stave (SSM)  |2 slo 
650 4 |a liatie s kryštalizáciou pod tlakom (LKT)  |2 slo 
650 4 |a vysokotlakové liatie (TL)  |2 slo 
650 4 |a processing metals and alloys in a semi-solid metal (SSM)  |2 eng 
650 4 |a casting with crystallization under pressure  |2 eng 
650 4 |a aluminum alloys to form  |2 eng 
650 4 |a high pressure die casting (HPDC)  |2 eng 
700 1 |a Stanček, Ladislav  |u 020050  |k Z1  |4 ths  |U SjF Strojnícka fakulta  |T SjF Ústav technológií a materiálov  |X 2465  |U J0050  |Y 803  |7 A000002465 
856 4 |u http://is.stuba.sk/zp/portal_zp.pl?podrobnosti=63961 
996 |b 284J044723  |c J* 117999  |l JJST  |s P  |a 0  |w stuzp29798_0001